[Event "Concordia op 6th"]
[Site "Concordia"]
[Date "2022.10.16"]
[Round "9"]
[White "Ferro, Miguel Batalha"]
[Black "Bittencourt, Arian G Decezare"]
[Result "0-1"]
[WhiteElo "1111"]
[BlackElo "1460"]
[PlyCount "96"]
[EventDate "2022.10.12"]
[EventType "swiss"]
[EventRounds "9"]
[EventCountry "BRA"]
[SourceTitle "EXT 2024"]
[Source "ChessBase"]
[SourceDate "2023.10.10"]
[SourceVersion "1"]
[SourceVersionDate "2023.10.10"]
[SourceQuality "1"]

1. d4 d5 2. Nf3 Nf6 3. e3 e6 4. Bd3 Bd6 5. 0-0 0-0 6. b3 c5 7. Bb2 Nc6 8. Nbd2 Qc7 9. a3 Re8 10. dxc5 Be5 11. Nxe5 Nxe5 12. Be2 Ned7 13. b4 e5 14. c4 Nf8 15. cxd5 Nxd5 16. e4 Nf4 17. Bg4 Bxg4 18. Qxg4 Re6 19. Nc4 Qc6 20. Qf3 f6 21. Rad1 N8g6 22. g3 Nh3+ 23. Kg2 Ng5 24. Qe3 Qxe4+ 25. Qxe4 Nxe4 26. h4 f5 27. Rd5 Nf6 28. Rd6 Rae8 29. Re1 e4 30. Bxf6 gxf6 31. Rd7 R8e7 32. Red1 Ne5 33. Nxe5 fxe5 34. R1d6 Kf7 35. Kf1 a6 36. Rxe6 Kxe6 37. Rxe7+ Kxe7 38. Ke2 h5 39. f3 exf3+ 40. Kxf3 Ke6 41. Ke3 Kd5 42. Kd3 a5 43. Kc3 e4 44. Kd2 Kc4 45. Ke3 axb4 46. axb4 Kxb4 47. g4 fxg4 48. Kxe4 Kxc5 0-1

[Event "Concordia op 6th"]
[Site "Concordia"]
[Date "2022.10.15"]
[Round "8"]
[White "Cassel, Amanda Barpi"]
[Black "Ferro, Miguel Batalha"]
[Result "1-0"]
[WhiteElo "1494"]
[BlackElo "1111"]
[PlyCount "143"]
[EventDate "2022.10.12"]
[EventType "swiss"]
[EventRounds "9"]
[EventCountry "BRA"]
[SourceTitle "CBM 210 Extra"]
[Source "ChessBase"]
[SourceDate "2022.11.30"]
[SourceVersion "1"]
[SourceVersionDate "2022.11.30"]
[SourceQuality "1"]

1. e4 e5 2. Nf3 Nc6 3. Bc4 Bc5 4. c3 Nf6 5. d4 exd4 6. cxd4 Bb4+ 7. Nc3 Nxe4 8. 0-0 Bxc3 9. d5 Bf6 10. Re1 0-0 11. Rxe4 Ne7 12. Ng5 h6 13. Nf3 d6 14. Re1 Bf5 15. Qb3 Rb8 16. Be3 b5 17. Be2 a6 18. Rad1 Qd7 19. Nd4 Bxd4 20. Bxd4 a5 21. Qg3 Bg6 22. Bg4 Qd8 23. Be3 b4 24. b3 Rb5 25. Bf3 Qa8 26. Rd2 Nxd5 27. Red1 c6 28. Bxd5 Rxd5 29. Rxd5 cxd5 30. Qxd6 Rd8 31. Qe5 Qc6 32. Rc1 Re8 33. Rxc6 Rxe5 34. Rc5 Kf8 35. Rxa5 Ke7 36. Bc5+ Ke6 37. Bxb4 Re4 38. Rb5 Rd4 39. f3 Rd1+ 40. Kf2 Ra1 41. a4 Ra2+ 42. Kg3 Bc2 43. Bc3 Ra3 44. b4 Rxc3 45. Rb6+ Ke5 46. a5 Ra3 47. Rb7 Bg6 48. Ra7 Kd4 49. b5 Kc5 50. b6 Kc6 51. b7 Rb3 52. a6 Bd3 53. Ra8 Bxa6 54. b8Q Rxb8 55. Rxb8 d4 56. Kf2 Kc5 57. Ke1 Kc4 58. Kd2 Kc5 59. Re8 Bf1 60. g3 Bg2 61. Re7 Bxf3 62. Rxf7 Bg4 63. Rxg7 h5 64. Re7 Kd6 65. Re4 Kd5 66. Rf4 Kc4 67. Rf8 Kd5 68. Kd3 Ke5 69. Re8+ Kd5 70. Rd8+ Ke5 71. Rxd4 Bf5+ 72. Ke3 1-0